| 000 -LEADER |
| fixed length control field |
00637nam a22001817a 4500 |
| 020 ## - INTERNATIONAL STANDARD BOOK NUMBER |
| ISBN |
9780443117619 |
| 082 ## - DEWEY DECIMAL CLASSIFICATION NUMBER |
| Classification number |
612.64 |
| Item number |
C661 2025 |
| 100 ## - MAIN ENTRY--AUTHOR NAME |
| Personal name |
Cochard, Larry R., author. |
| 245 ## - TITLE STATEMENT |
| Title |
Netter’s atlas of human embryology / Larrry R. Cochard, PhD, Angelique N. Dueñas, PhD ; illustrations by Frank H. Netter, MD. |
| 250 ## - EDITION STATEMENT |
| Edition statement |
Second edition. |
| 260 ## - PUBLICATION, DISTRIBUTION, ETC. (IMPRINT) |
| Place of publication |
Philadelphia, PA : |
| Name of publisher |
Elsevier, |
| Year of publication |
©2025. |
| 300 ## - PHYSICAL DESCRIPTION |
| Number of Pages |
xi, 288 pages : |
| Other physical details |
color illustrations ; 28 cm |
| 500 ## - GENERAL NOTE |
| General note |
Includes index. |
| 650 ## - SUBJECT ADDED ENTRY--TOPICAL TERM |
| Topical Term |
Embryology, Human -- Atlases. |
| 700 ## - ADDED ENTRY--PERSONAL NAME |
| Personal name |
Dueñas, Angelique N. |
| 700 ## - ADDED ENTRY--PERSONAL NAME |
| Personal name |
Netter, Frank H., illustrator. |
| 942 ## - ADDED ENTRY ELEMENTS (KOHA) |
| Koha item type |
Books |